000 00267nam a2200097Ia 4500
001 698659
005 20250826162055.0
008 250824s9999 xx 000 0 und d
245 0 _aDEDE KORKUT (ANTİK DÜNYA KLASİKLERİ)
_cANONİM
260 _bANTİK DÜNYA KLASİKLERİ
999 _c698659
_d698659